Serien, die in Berlin spielen - Statistiken

Allgemein
  • Dieses Quiz wurde 139 mal gespielt
  • Das Durchschnittsergebnis liegt bei 7 aus 20
Antwortstatistiken
Erstausstrahlung Beschreibung Serie % Korrekt
2006–2008, ARD In einer deutsch-türkischen Patchwork-Familie muss sich die 16-jährige Lena (Josefine Preuß) mit den kulturellen Unterschieden und den Herausforderungen des Teenagerlebens auseinandersetzen. Türkisch für Anfänger
66%
1983–1986, ZDF Werner (Peter Weck) verliebt sich in eine Frau mit drei Kindern, die daraufhin gemeinsam allerlei Alltagsprobleme meistern. Ich heirate eine Familie
57%
2017– , ARD Die Geschichte eines berühmten Krankenhauses in unterschiedlichen Epochen - in Staffel 4 sogar in der Zukunft. (u. a. mit Matthias Koeberlin) Charité
54%
2013, ZDF Das Schicksal der Besitzerfamilie eines berühmten Berliner Luxushotels ist eng mit den historischen Ereignissen des 20. Jahrhunderts verflochten. (u. a. mit Heino Ferch) Das Adlon. Eine Familiensaga
52%
1977–1992, ARD Drei Frauen aus unterschiedlichen Generationen (u. a. Brigitte Mira) betreiben eine Wurstbude und erleben zahlreiche Alltagsabenteuer. Drei Damen vom Grill
52%
1986–1998, ARD Exzentrischer Anwalt (Manfred Krug) geht Fälle auf unkonventionelle Weise an, im Gegensatz zu seinem biederen Kanzleipartner. Liebling Kreuzberg
51%
2021, Prime Sechs Jugendliche der Berliner Drogen- und Clubszene um Christiane F. (Jana McKinnon) kämpfen in einem äußerst schwierigen Umfeld um ihren Traum vom Glück. Wir Kinder vom Bahnhof Zoo
46%
1987–1996, ARD Engagierter Arzt (Günter Pfitzmann) unterstützt seine Patienten sowohl medizinisch als auch menschlich und muss dabei selbst allerlei private und berufliche Herausforderungen meistern. Praxis Bülowbogen
45%
2005–2007, Sat.1 Die unscheinbare Lisa Plenske (Alexandra Neldel) arbeitet in einer Modefirma und verliebt sich in ihren attraktiven Chef, während sie sich in der Modewelt beweisen muss. Verliebt in Berlin
45%
2002–2005, ARD Lolle (Felicitas Woll) zieht aus einer Kleinstadt nach Berlin und muss dort in ihrem chaotischen Alltag zwischen Liebe, Freundschaften und Karriere navigieren. Berlin, Berlin
44%
2017– , Sky Junger Polizist (Volker Bruch) gerät im Berlin der 1920er Jahre in einen Strudel aus Politik, Kriminalität und Intrigen, während die Stadt vor dem Hintergrund gesellschaftlicher Umbrüche brodelt. Babylon Berlin
38%
2017–2019, TNT Toni (Kida Khodr Ramadan) gehört einem Neuköllner Familienclan an und ist zwischen dem Druck von rivalisierenden Banden, familiären Verpflichtungen und dem Wunsch nach einem neuen Leben hin- und hergerissen. 4 Blocks
37%
2016– , ZDF In den 50er und 60er Jahren wachsen drei Schwestern (u. a. Maria Ehrich) in einer streng geführten Tanzschule auf und rebellieren gegen die konservativen gesellschaftlichen Normen ihrer Zeit. Ku'damm 56/59/63
34%
1986–1991, ZDF Hannelore (Maria Sebaldt) betreibt im Keller ihres Reihenhauses einen Getränkehandel, Ehemann Eberhard arbeitet in einer Möbelfirma und die beiden Söhne werden langsam erwachsen. Die Wicherts von nebenan
28%
2010–2018, ARD Im geteilten Berlin der 1980er Jahre werden zwei Familien, die politisch und gesellschaftlich tief gespalten sind, in puncto Liebe und Loyalität auf eine harte Probe gestellt. (u. a. mit Jörg Hartmann) Weissensee
23%
2012–2024, ZDF Kriminalhauptkommissarin Mina Amiri (Jasmin Tabatabai) arbeitet mit ihrem Team an ungeklärten Vermisstenfällen. Letzte Spur Berlin
19%
2020, Netflix New Yorker Jüdin (Shira Haas) entscheidet sich, ein selbstbestimmtes Leben in Berlin zu führen, wobei sie sich mit den Herausforderungen der Vergangenheit und der Suche nach Identität auseinandersetzt. Unorthodox
15%
2018, Prime Club-Promoter (Jannis Niewöhner) ist in der Berliner Szene hervorragend vernetzt und wird in ein undurchsichtiges Netzwerk aus Spionen und Kriminellen verwickelt. Beat
6%
2018–2019, RTL Gerechtigkeitsliebende Anwaltsgehilfin (Birte Hanusrichter) ist ihrem konservativen, aber charmanten Chef bei der Lösung der Fälle meist eine Nasenspitze voraus. Jenny – echt gerecht
5%
1989–1990, ZDF Vier Kinder sind mit ihrem Vater (Winfried Glatzeder) allein und verbringen die meiste Zeit auf dem Hausboot der Großeltern; dabei erleben sie viele Abenteuer. Spreepiraten
5%
Keine übereinstimmenden Quizze gefunden
Verteilung der Resultate
Anzahl Personen mit jedem Resultat
Perzentil nach korrekt beantworteten Fragen
Ihre Resultats-Entwicklung
Sie haben dieses Quiz noch nicht gespielt